林 : 哥林多後書 Lin : Gelinduo hou shu = 2 Corinthians {ch} / (Record no. 22269)
[ view plain ]
| 000 -LEADER | |
|---|---|
| fixed length control field | 00853nam a2200229 4500 |
| 008 - FIXED-LENGTH DATA ELEMENTS--GENERAL INFORMATION | |
| fixed length control field | 050117s1997 -hk chi |
| 020 ## - INTERNATIONAL STANDARD BOOK NUMBER | |
| International Standard Book Number | 9622083110 : |
| Terms of availability | HK48/247.18 |
| 020 ## - INTERNATIONAL STANDARD BOOK NUMBER | |
| International Standard Book Number | 9789622083110 |
| 090 ## - LOCALLY ASSIGNED LC-TYPE CALL NUMBER (OCLC); LOCAL CALL NUMBER (OCLC) | |
| Classification number (OCLC) (R) ; Classification number, CALL (RLIN) (NR) | BS498.C5 |
| Local cutter number (OCLC) ; Book number/undivided call number, CALL (RLIN) | B47z |
| -- | IICor |
| 100 1# - MAIN ENTRY--PERSONAL NAME | |
| Personal name | Spencer, Aida |
| 245 10 - TITLE STATEMENT | |
| Title | 林 : 哥林多後書 Lin : Gelinduo hou shu = 2 Corinthians {ch} / |
| Statement of responsibility, etc | Aida Spencer & William Spencer; translated by Kam-fan Nip. |
| 250 ## - EDITION STATEMENT | |
| Edition statement | Chinese ed. |
| 260 ## - PUBLICATION, DISTRIBUTION, ETC. (IMPRINT) | |
| Place of publication, distribution, etc | Hong Kong : |
| Name of publisher, distributor, etc | Tien Dao Publishing House Ltd, |
| Date of publication, distribution, etc | c1997. |
| 300 ## - PHYSICAL DESCRIPTION | |
| Extent | 147 p. |
| 490 ## - SERIES STATEMENT | |
| Series statement | 天道硏經導讀 Tian dao yan jing dao du = Bible study commentary series |
| 500 ## - GENERAL NOTE | |
| General note | Originally published by Zondervan Publishing House. |
| 630 04 - SUBJECT ADDED ENTRY--UNIFORM TITLE | |
| Uniform title | Bible. N.T. Corinthians, 2nd |
| General subdivision | Commentaries {ch}. |
| 951 ## - EQUIVALENCE OR CROSS-REFERENCE-GEOGRAPHIC NAME/AREA NAME [OBSOLETE] [CAN/MARC only] | |
| General subdivision | 00030332 |
| 700 1# - ADDED ENTRY--PERSONAL NAME | |
| Personal name | Nip, Kam-fan |
| 700 1# - ADDED ENTRY--PERSONAL NAME | |
| Personal name | Spencer, William |
| 942 ## - ADDED ENTRY ELEMENTS (KOHA) | |
| Source of classification or shelving scheme | Library of Congress Classification |
| Item type | Books |
| Koha issues (borrowed), all copies | 4 |
| Withdrawn status | Lost status | Source of classification or shelving scheme | Damaged status | Not for loan | Home library | Current library | Shelving location | Date acquired | Source of acquisition | Cost, normal purchase price | Accession number | Shelving control number | Total Checkouts | Full call number | Barcode | Date last seen | Price effective from | Koha item type | Date last borrowed | Copy number | Public note |
|---|---|---|---|---|---|---|---|---|---|---|---|---|---|---|---|---|---|---|---|---|---|
| Library of Congress Classification | BSOP Library | BSOP Library | Reference Chinese | 12/21/2000 | Alliance | 247.18 | C-5843 | 127 | BS498.C5 B47z IICor | 00030332 | 02/23/2013 | 02/23/2013 | Books | ||||||||
| Library of Congress Classification | BSOP Library | BSOP Library | Chinese Books (General Circulation) | 08/04/2015 | gift : Brother Daniel | C-13114 | 4 | BS498.C5 B47z IICor | 00045513 | 01/02/2020 | 08/04/2015 | Books | 12/18/2019 | ||||||||
| Library of Congress Classification | BSOP Library | BSOP Library | Chinese Books (General Circulation) | 08/26/2025 | C-16226 | BS498.C5 B47z/IICor | 00063018 | 11/24/2025 | 11/24/2025 | Books | c.2 | Tien Dao |
